جهود الشيخ محمد الخضر حسين رحمه الله في التفسير وعلوم القرآن / (رقم التسجيلة. 75190)
[ عرض عادي ]
| 000 -الفاتح | |
|---|---|
| حقل البيانات ثابتة الطول | 01451nam a22002414a 4500 |
| 003 - محدد رقم الضبط | |
| رقم الضبط | OSt |
| 005 - وقت وتاريخ اخر تعامل مع التسجيلة | |
| رقم الضبط | 20181216140405.0 |
| 008 - عناصر البيانات ثابتة الطول - معلومات عامة | |
| حقل البيانات ثابتة الطول | 130316s14392018su ||||g aci| 00| 0 ara d |
| 040 ## - مصدر الفهرسة | |
| وكالة الفهرسة الأصلية | ma-un |
| لغة الفهرسة | ara |
| وكالة النسخ | جامعة المجمعة |
| 082 ## - رقم تصنيف ديوى العشرى | |
| رقم الطبعة | 21 |
| رقم التصنيف | 227.3 |
| رقم المادة | هـ ن ج |
| 100 ## - المدخل الرئيسى - إسم شخصى | |
| الإسم الشخصى | الهزاني، نوال بنت سليمان بن محمد |
| 9 (RLIN) | 65033 |
| 245 ## - بيان العنوان | |
| العنوان | جهود الشيخ محمد الخضر حسين رحمه الله في التفسير وعلوم القرآن / |
| بيان المسئوليه,etc | إعداد نوال بنت سليمان بن محمد الهزاني، إشراف الدكتور سليمان بن عبدالعزيز السليمان. |
| 260 ## - PUBLICATION, DISTRIBUTION, ETC. (IMPRINT) | |
| مكان الناشر او الموزع | المجمعة : |
| اسم الناشر او الموزع | جامعة المجمعة، كلية التربية بالزلفي- قسم الدراسات الإسلامية، |
| تاريخ النشر أو التوزيع | 2018 ، 1439 |
| 300 ## - الوصف المادى | |
| التعداد | 299 ورقة . |
| أبعاد الوعاء | 30 سم |
| المادة المصاحبة | CD-ROM |
| 500 ## - تبصرة عامة | |
| تبصرة عامة | رسالة مقدمة لإستكمال متطلبات الحصول على درجة الماجستير في الحديث وعلومه في قسم الدراسات الإسلامية.- كلية التربية بالزلفي<br/> |
| 505 ## - تبصرة محتويات-الفهرس | |
| تبصرة المحتويات المصاغة | التفسير وعلوم القرآن |
| 600 ## - المدخل الاضافى بالموضوع-اسم شخصى | |
| الإسم الشخصى | حسين، محمد الخضر |
| التواريخ المصاحبة للاسم | 26 رجب 1293 هـ |
| 9 (RLIN) | 65034 |
| 650 ## - المدخل الاضافى بالموضوع-مصطلح موضوعى | |
| مصطلح موضوعي أو اسم جغرافي كعنصر مدخل | القرآن |
| التقسيم الفرعي العام | تفسير |
| 9 (RLIN) | 65035 |
| 650 ## - المدخل الاضافى بالموضوع-مصطلح موضوعى | |
| مصطلح موضوعي أو اسم جغرافي كعنصر مدخل | علوم القرآن |
| 9 (RLIN) | 65036 |
| 650 ## - المدخل الاضافى بالموضوع-مصطلح موضوعى | |
| مصطلح موضوعي أو اسم جغرافي كعنصر مدخل | القرآن |
| التقسيم الفرعي العام | أحكام |
| 9 (RLIN) | 65037 |
| 700 ## - المدخل الاضافى - اسم شخصى | |
| الإسم الشخصى | البهلال، صالح بن فريح بن صالح، |
| الدور | مشرف. |
| 9 (RLIN) | 65032 |
| 942 ## - عناصر المدخل الإضافي( كوها) | |
| مصدر التصنيف او مخطط الترفيف | Dewey Decimal Classification |
| Koha [default] item type | أطروحة (رسائل جامعية) |
| حالة الفقد | نموذج السعر الفعال | حالة تلف | ليس للاعارة | رقم الطلب | تاريخ الاكتساب | الموقع الحالي | الباركود | الفرع الرئيسي | Date last seen | نوع المادة فى نظام كوها | مصدر التصنيف او خطة الترفيف | Total Checkouts |
|---|---|---|---|---|---|---|---|---|---|---|---|---|
| 2018-12-16 | Not For Loan | 227.3 هـ ن ج | 2018-12-16 | المكتبة المركزية بالمجمعة (CL) | 00502316 | المكتبة المركزية بالمجمعة (CL) | 2018-12-16 | أطروحة (رسائل جامعية) | Dewey Decimal Classification |
